00522nam a2200193Ia 450000500170000000800410001702000290005804000190008704100120010608200150011810000190013324500560015226000410020830000090024950400190025865000260027765100150030385000100031820221028105915.0140110s9999 xx 000 0 und d a9789380642383cRs.950.00 aLoreto College aEnglish a158.7bKUM aKumar,Virender 2aA textbook of industrial psychologycVirender Kumar aNew DelhibDominant Publishersc2012 a292p aIncludes index aIndustrial psychology aPsychology aLCLIB